आजाद हिंद फौज के क्रांतिवीर / (Record no. 175713)

MARC details
000 -LEADER
fixed length control field 01263nam a22002897a 4500
003 - CONTROL NUMBER IDENTIFIER
control field dpl
005 - DATE AND TIME OF LATEST TRANSACTION
control field 20200922105500.0
008 - FIXED-LENGTH DATA ELEMENTS--GENERAL INFORMATION
fixed length control field 200922b ||||| |||| 00| 0 eng d
010 ## - LIBRARY OF CONGRESS CONTROL NUMBER
LC control number B-259283
020 ## - INTERNATIONAL STANDARD BOOK NUMBER
Terms of availability 200.00
International Standard Book Number 8188314145
035 ## - SYSTEM CONTROL NUMBER
System control number B-259283
037 ## - SOURCE OF ACQUISITION
Source of stock number/acquisition Cen Lib/Ret
040 ## - CATALOGING SOURCE
Original cataloging agency DPL
Language of cataloging HN
Transcribing agency DPL
082 ## - DEWEY DECIMAL CLASSIFICATION NUMBER
Classification number 954.0841
Item number रामसिं
100 ## - MAIN ENTRY--PERSONAL NAME
Personal name राम सिंह
9 (RLIN) 2233
245 ## - TITLE STATEMENT
Title आजाद हिंद फौज के क्रांतिवीर /
Statement of responsibility, etc राम सिंह
246 ## - VARYING FORM OF TITLE
Title proper/short title Azad hind fauz ke krantiveer /
Remainder of title by Ram Singh
260 ## - PUBLICATION, DISTRIBUTION, ETC. (IMPRINT)
Place of publication, distribution, etc दिल्ली
Name of publisher, distributor, etc चिन्मय ज्ञानपीठ
Date of publication, distribution, etc 2003
270 ## - ADDRESS
Address 74 मेघा अपार्टमेन्ट, मयूर विहार-I
City दिल्ली
Postal code 110091
300 ## - PHYSICAL DESCRIPTION
Extent 232पृ.
Dimensions 21सेमी(सजिल्द)
500 ## - GENERAL NOTE
General note अनुक्रमणिका शामिल
650 ## - SUBJECT ADDED ENTRY--TOPICAL TERM
Topical term or geographic name as entry element भारत और दक्षिण एशिया
9 (RLIN) 86904
650 ## - SUBJECT ADDED ENTRY--TOPICAL TERM
Topical term or geographic name as entry element क्रांतिवीर--जोहारसिंह खाती
9 (RLIN) 94659
650 ## - SUBJECT ADDED ENTRY--TOPICAL TERM
Topical term or geographic name as entry element India and South Asia
9 (RLIN) 90313
650 ## - SUBJECT ADDED ENTRY--TOPICAL TERM
Topical term or geographic name as entry element Revolutionary--Joharasingh Khati
9 (RLIN) 94660
942 ## - ADDED ENTRY ELEMENTS (KOHA)
Source of classification or shelving scheme Dewey Decimal Classification
Koha item type Hindi Books
Classification part 954.0841
Call number suffix रामसिं
Holdings
Withdrawn status Lost status Source of classification or shelving scheme Damaged status Not for loan Home library Current library Date acquired Cost, normal purchase price Total Checkouts Full call number Barcode Date last seen Date checked out Cost, replacement price Price effective from Koha item type
    Dewey Decimal Classification     Sarojini Nagar Sarojini Nagar 22/09/2020 200.00 1 954.0841 रामसिं B-259283 11/02/2026 28/01/2026 200.00 22/09/2020 Hindi Books

© Delhi Public Library
Hit Counter
free hit counter